000 004660000a22001810004500
020 _a0-8024-0155-4
041 0 _aSPA
082 0 4 _aG 268.434 Z941a
100 1 _aZuck, Roy B.
245 1 0 _aAdult education in the church / Roy B. Zuck, Gene A. Getz
260 _aChicago, ILL., USA : Moody
300 _a383 Pag
001 7945
942 _cBK
999 _c38145
_d38145
336 _atexto
_btxt
_2rdacontent
337 _2rdamedia
_asin mediación
_bn
338 _2rdacarrier
_avolumen
_bnc